000 00517nam a22001697a 4500
008 220119b ||||| |||| 00| 0 eng d
020 _a0800626931
050 _a PN49
_b .D35 1995
100 _a Dawson, David,
245 _aLiterary theory /
_cDavid Dawson.
260 _aMinneapolis :
_bFortress Press,
_c1995.
300 _ax, 150 p. ;
_c 22 cm.
500 _a Includes bibliographical references (p. 127-136) and index.
650 _a Criticism.
650 _a Religion and literature.
942 _2lcc
_cBK
999 _c57401
_d57401